000 01067nam a2200229 a 4500
003 BD-DhJNU
005 20260512051952.0
008 260508s2013 bg |||g |||| 000 1|ben|d
020 _a9844151597
040 _aBD-DhJNU
_bben
_cBD-DhJNU
_dBD-DhJNU
041 _aben
082 _a891.44109 HAM
_223
100 _aহক, সৈয়দ আজিজুল
245 1 0 _aময়মনসিংহের গীতিকা :
_bজীবনধর্ম ও কাব্যমুল্য /
_cসৈয়দ আজিজুল হক
246 _aMymensingher gitika: jibondhormo o kabyomulyo
260 _aঢাকা :
_bঅবসর প্রকাশনা সংস্থা,
_c2013.
300 _a২৯৫ পৃ. :
_bচিত্র ;
_c২৪ সেমি.।
504 _aগ্রন্থপঞ্জিগত নির্দেশিকা ও নিঘন্ট অন্তভূক্ত
650 _aবাংলা লোকগাথা -- ময়মনসিংহ
650 _aBengali literature -- Folk literature
942 _cBK
999 _c2791
_d2791